000 00264cam a2200085 4500
008 080610n 000 0 eng u
035 _a(Sirsi) a155747
100 _aSOLODOVNIKOV V G
245 _aTHE PRESENR STAGE OF THE NON CAPITALIST DEVELOPMENT IN ASIA AND AFRICA
999 _c105536
_d105537